Statistiche per Gradi dell'Esercito italiano

Clicka qui per fare il quiz!

Statistiche generali

  • Questo quiz è stato fatto 1.343 volte
    (441 dall'ultimo reset)
  • Il punteggio medio è 16 su 29

Statistiche sulle risposte

CategoriaGrado NATOEsercito% Corretto
Ufficiali inferioriOF-1Tenente
87%
Ufficiali generaliOF-10Generale
85%
Militari di truppaOR-1Soldato
83%
SottufficialiOR-5Sergente
82%
Militari di truppaOR-2Caporale
81%
SottufficialiOR-8Maresciallo
80%
Ufficiali superioriOF-5Colonnello
74%
Ufficiali inferioriOF-2Capitano
73%
Ufficiali inferioriOF-1Sottotenente
73%
Militari di truppaOR-3Caporale maggiore
67%
Ufficiali superioriOF-3Maggiore
67%
SottufficialiOR-6Sergente maggiore
64%
SottufficialiOR-9Luogotenente
59%
Ufficiali superioriOF-4Tenente colonnello
55%
SottufficialiOR-8Maresciallo capo
53%
Ufficiali generaliOF-6Generale di brigata
52%
GraduatiOR-4Graduato
51%
Ufficiali generaliOF-7Generale di divisione
45%
SottufficialiOR-8Maresciallo ordinario
45%
SottufficialiOR-9Primo maresciallo
45%
SottufficialiOR-7Sergente maggiore capo
44%
Ufficiali generaliOF-8Generale di corpo d'armata
43%
GraduatiOR-4Graduato scelto
43%
GraduatiOR-4Graduato capo
42%
SottufficialiOR-9Primo luogotenente
41%
GraduatiOR-4Graduato aiutante
35%
SottufficialiOR-7Sergente maggiore aiutante
32%
Ufficiali inferioriOF-2Primo capitano
18%
Ufficiali generaliOF-9Generale di corpo d'armata con incarichi speciali
17%

Distribuzione punteggi

Percentile per numero di risposta

Percentuale di utenti per punteggio

I tuoi punteggi nel tempo

Non hai fatto questo quiz dall'ultimo reset